000 00927nam a2200253Ia 4500
003 OSt
005 20220923221048.0
006 a|||||r|||| 00| 0
007 ta
008 220922b |||||||| |||| 00| 0 hin d
024 _a194,512
037 _cTextual
040 _aARTS
_cARTS
_bhin
041 _2hin
_ahin
082 _aO152,3:g(P), K7
100 _aलाल, लक्षमीनारायण
245 0 _aहिन्दी कहानियों की शिल्प-विधि का विकास
246 _aHindī kahāniyoan kī shilpa-vidhi kā vikāsa
260 _aइलाहाबाद
_b साहित्य भवन प्रका0
_c1967
300 _a330] 14पृ.
_ccm.
650 _aहिन्दी साहित्य
_9156264
942 _hO152,3:g(P), K7
_cTEXL
_2CC
999 _c346776
_d346776